[Event "Master Open"]
[Site "Voronezh"]
[Date "2018.06.15"]
[Round "4.51"]
[White "Volkov, Roman"]
[Black "Zhitnikov, Konstantin"]
[Result "1-0"]
[WhiteElo "2116"]
[BlackElo "2255"]
[Annotator ""]
[Source ""]
[Remark ""]

1.d4 Nf6 2.c4 e6 3.g3 d5 4.Nf3 Bb4+ 5.Bd2 Be7 6.Bg2 O-O 7.O-O
c6 8.Qc2 b6 9.Rd1 Ba6 10.b3 Nbd7 11.Bf4 Rc8 12.Nc3 c5 13.cxd5
exd5 14.Qb2 Bb7 15.Ne5 a6 16.Nxd7 Qxd7 17.Na4 Qe6 18.dxc5 bxc5
19.Rac1 Rfd8 20.Bg5 h6 21.Bxf6 Bxf6 22.Qd2 Be7 23.Nc3 d4 24.Bxb7
dxc3 25.Qxc3 Rc7 26.Bf3 Rcd7 27.Rxd7 Rxd7 28.Kg2 g6 29.Qa5 Rd4
30.e3 Rd7 31.Rc4 Qd6 32.Ra4 Ra7 33.Qc3 Bf6 34.Qc4 a5 35.Qb5 Bd8
36.Rc4 Bb6 37.Re4 Kg7 38.Re8 Bd8 39.Qc4 Be7 40.Rc8 Qa6 41.Qc3+
Qf6 42.Qd2 Qd6 43.Qc2 Qe6 44.Rc6 Qe5 45.a4 g5 46.Qc4 Rd7 47.Qc2
Ra7 48.Be4 Rd7 49.Ra6 Bd8 50.Bg6 fxg6 51.Qxg6+ Kf8 52.Re6 1-0

[Event "Master Open"]
[Site "Voronezh"]
[Date "2018.06.15"]
[Round "4.52"]
[White "Najdin, Danil"]
[Black "Lysenko, Margarita"]
[Result "1/2-1/2"]
[WhiteElo "2250"]
[BlackElo "2203"]
[Annotator ""]
[Source ""]
[Remark ""]

1.e4 c5 2.Nf3 d6 3.Bb5+ Nd7 4.O-O a6 5.Bd3 Ngf6 6.Re1 g6 7.c4
Bg7 8.Nc3 Ng4 9.Bf1 Nge5 10.Nxe5 Nxe5 11.d3 O-O 12.f4 Nc6 13.g3
Rb8 14.Bg2 Nd4 15.f5 gxf5 16.Qh5 Nc2 17.Rf1 Nxa1 18.exf5 Bxf5
19.Rxf5 e6 20.Be4 exf5 21.Qxf5 Re8 22.Qxh7+ Kf8 23.Bh6 Qf6 24.Qh8+
Ke7 25.Nd5+ Ke6 26.Qh7 Rh8 27.Bf5+ Qxf5 28.Nc7+ Kf6 29.Bxg7+
Kg5 30.Bh6+ Kf6 31.Nd5+ Ke6 32.Nc7+ Kf6 33.Bg7+ Kg5 34.Bh6+ Kf6
35.Bg7+ Kg5 36.Bh6+ Kf6 37.Bg7+ Kg5 38.Bh6+ Kf6 39.Bg7+ 1/2-1/2

[Event "Master Open"]
[Site "Voronezh"]
[Date "2018.06.15"]
[Round "4.53"]
[White "Gutkovich, Polina"]
[Black "Sargissyan, Sargis"]
[Result "0-1"]
[WhiteElo "2046"]
[BlackElo "2249"]
[Annotator ""]
[Source ""]
[Remark ""]

1.d4 Nf6 2.Nf3 g6 3.c4 Bg7 4.Nc3 O-O 5.Bg5 d6 6.h3 c5 7.e3 Nc6
8.Be2 Bf5 9.O-O Ne4 10.Nxe4 Bxe4 11.Nd2 Bf5 12.d5 Nb4 13.e4 Bd7
14.a3 Na6 15.f4 Bxb2 16.Bh6 Re8 17.Nf3 Qa5 18.Ra2 Bh8 19.e5 b5
20.Ng5 Nc7 21.e6 fxe6 22.dxe6 Bd4+ 23.Kh1 Nxe6 24.Bf3 Nxg5 25.fxg5
Rad8 26.Rd2 Be5 27.Bd5+ e6 28.Rdf2 Qc3 29.Rf3 Qd4 30.Rd3 Qh4
31.Qf3 exd5 32.Qf7+ Kh8 33.Rdf3 Bf5 34.Rf4 Qg3 35.R1f3 Qe1+ 36.Rf1
Qg3 37.R1f3 Qe1+ 38.Rf1 Qc3 39.R1f3 Bxf4 40.Kg1 Re1+ 0-1

[Event "Master Open"]
[Site "Voronezh"]
[Date "2018.06.15"]
[Round "4.54"]
[White "Schepetkova, Margarita"]
[Black "Shoboev, Dandar"]
[Result "1/2-1/2"]
[WhiteElo "2244"]
[BlackElo "2091"]
[Annotator ""]
[Source ""]
[Remark ""]

1.d4 Nf6 2.c4 e6 3.g3 b6 4.Bg2 c6 5.Nf3 Ba6 6.Qd3 b5 7.b3 bxc4
8.bxc4 d5 9.Nbd2 Bb4 10.O-O Nbd7 11.Qb3 Qa5 12.Qe3 O-O 13.Ne5
Nxe5 14.dxe5 Nd7 15.Nb3 Qb6 16.cxd5 Qxe3 17.Bxe3 cxd5 18.f4 Bxe2
19.Rfc1 Bc4 20.a3 Be7 21.Na5 Rac8 22.Nxc4 dxc4 23.Bxa7 c3 24.a4
Bb4 25.a5 Nc5 26.Bxc5 Bxc5+ 27.Kf1 Bd4 28.a6 Rc7 29.Ra4 Rd8 30.Bb7
Ba7 31.Rc2 Rd3 32.Raa2 g6 33.Be4 Re3 34.Bb7 Kg7 35.Ra1 h5 36.Re1
Rd3 37.Be4 Rd4 38.Bf3 Rd3 39.Be2 Rd5 40.h4 Kf8 41.Rec1 Rdc5 42.Bf3
Ke7 1/2-1/2

[Event "Master Open"]
[Site "Voronezh"]
[Date "2018.06.15"]
[Round "4.55"]
[White "Kovalenko, Sergey"]
[Black "Lystsov, Leonid"]
[Result "1/2-1/2"]
[WhiteElo "2237"]
[BlackElo "2086"]
[Annotator ""]
[Source ""]
[Remark ""]

1.e4 c5 2.c3 d6 3.d4 Nf6 4.Bd3 g6 5.Nf3 Bg7 6.h3 O-O 7.O-O d5
8.e5 Ne4 9.Re1 Nc6 10.Be3 Bf5 11.g4 Be6 12.Nbd2 Nxd2 13.Qxd2
cxd4 14.Bxd4 Qd7 15.Qf4 f6 16.exf6 Bxf6 17.Qg3 Bxd4 18.cxd4 Rf6
19.Ng5 h6 20.Nxe6 Rxe6 21.f4 Rxe1+ 22.Rxe1 Qd6 23.Qe3 Kg7 24.f5
gxf5 25.Bxf5 Qf6 26.Bd3 Rf8 27.Kg2 Rf7 28.Bb5 Nxd4 29.Rf1 Nc2
30.Qd2 Qxb2 31.Rxf7+ Kxf7 32.Qxd5+ Kg7 33.Kg3 Qc3+ 34.Kh4 Qf6+
35.Kg3 Qc3+ 36.Kh4 Qf6+ 1/2-1/2

[Event "Master Open"]
[Site "Voronezh"]
[Date "2018.06.15"]
[Round "4.56"]
[White "Seregina, Maria"]
[Black "Dmitriev, Igor"]
[Result "0-1"]
[WhiteElo "1873"]
[BlackElo "2236"]
[Annotator ""]
[Source ""]
[Remark ""]

1.f4 g6 2.Nf3 d5 3.g3 Nc6 4.Bg2 Bg7 5.O-O Bg4 6.h3 Bxf3 7.Bxf3
Qd7 8.Bg2 f5 9.d3 O-O-O 10.c3 e5 11.a4 Nf6 12.b4 Nh5 13.b5 Na5
14.Kh2 Rhe8 15.e3 Qe6 16.Bd2 e4 17.d4 Nf6 18.Na3 Bf8 19.c4 Nxc4
20.Nxc4 dxc4 21.Qc2 Nd5 22.Rfb1 c3 23.Bc1 g5 24.fxg5 Bd6 25.Qf2
h6 26.Ba3 Bxa3 27.Rxa3 hxg5 28.Rf1 f4 29.gxf4 gxf4 30.exf4 Rf8
31.Qg3 Rg8 32.Qe1 Qd6 33.Ra2 Nxf4 34.Kh1 Nxg2 35.Rxg2 Rxg2 36.Kxg2
Qxd4 37.Rf2 e3 38.Re2 Qe4+ 39.Kh2 Rd2 40.Rxd2 cxd2 41.Qe2 Qe5+
42.Kh1 Qd5+ 0-1

[Event "Master Open"]
[Site "Voronezh"]
[Date "2018.06.15"]
[Round "4.57"]
[White "Krivtsov, Alexander"]
[Black "Gasparian, Haik"]
[Result "1-0"]
[WhiteElo "2232"]
[BlackElo "2069"]
[Annotator ""]
[Source ""]
[Remark ""]

1.e4 c5 2.Nf3 d6 3.d4 cxd4 4.Nxd4 Nf6 5.Nc3 g6 6.Be3 Bg7 7.Nb3
O-O 8.f3 Nc6 9.Qd2 Be6 10.O-O-O Rc8 11.g4 Ne5 12.Be2 Nc4 13.Bxc4
Bxc4 14.Kb1 b5 15.h4 h5 16.Bg5 Qc7 17.Bxf6 Bxf6 18.gxh5 Bxb3
19.axb3 Bxc3 20.bxc3 Qxc3 21.hxg6 fxg6 22.Qg2 Rf6 23.Rd3 Qa5
24.h5 d5 25.Qh3 Qc7 26.c3 g5 27.Qg4 Qf4 28.Qxc8+ 1-0

[Event "Master Open"]
[Site "Voronezh"]
[Date "2018.06.15"]
[Round "4.58"]
[White "Sukhareva, Evgeniya"]
[Black "Selifonova, Aleksandra"]
[Result "1-0"]
[WhiteElo "2234"]
[BlackElo "1920"]
[Annotator ""]
[Source ""]
[Remark ""]

1.d4 d5 2.Nf3 Nf6 3.c4 dxc4 4.Nc3 a6 5.a4 Bf5 6.Bg5 Nd5 7.e3
Nxc3 8.bxc3 Qd5 9.Bf4 c6 10.a5 Nd7 11.Nd2 Bd3 12.Bxd3 cxd3 13.e4
Qe6 14.O-O Qf6 15.Bg3 e5 16.Qb1 Rb8 17.Nc4 Bd6 18.f4 Bc7 19.fxe5
Qg6 20.e6 Qxe6 21.Bxc7 Qxc4 22.Bxb8 Nxb8 23.Qxb7 O-O 24.Rab1
d2 25.Qb3 Qxb3 26.Rxb3 c5 27.Rb6 cxd4 28.cxd4 Nd7 29.Rb2 Nf6
30.Rxd2 Nxe4 31.Rc2 f6 32.Rc6 Rd8 33.Rd1 Rd5 34.Rxa6 Kf7 35.Ra7+
Ke6 36.a6 Ra5 37.Ra8 Kd7 38.Rc1 Nd6 39.h3 Nb5 40.Rc5 Ra1+ 41.Kh2
Ra5 42.Rb8 Rxa6 43.Rcxb5 1-0

[Event "Master Open"]
[Site "Voronezh"]
[Date "2018.06.15"]
[Round "4.59"]
[White "Odegov, Artem"]
[Black "Tatarintsev, Egor"]
[Result "1-0"]
[WhiteElo "2219"]
[BlackElo "2125"]
[Annotator ""]
[Source ""]
[Remark ""]

1.d4 e6 2.e4 d5 3.Nd2 Nc6 4.c3 e5 5.exd5 Qxd5 6.Ngf3 exd4 7.Bc4
Qf5 8.O-O dxc3 9.Nb3 Bd6 10.Nbd4 Qh5 11.Nb5 Nge7 12.Nxd6+ cxd6
13.Qxd6 O-O 14.bxc3 Bg4 15.Be2 Rad8 16.Qg3 Nf5 17.Qf4 Nh4 18.Nxh4
Bxe2 19.Re1 Rfe8 20.Nf5 Ne5 21.Ng3 Qg4 22.h3 Qxf4 23.Bxf4 Nd3
24.Nxe2 Nxe1 25.Rxe1 Rd5 26.Be3 Ra5 27.Ra1 Re4 28.Rd1 f6 29.Nc1
Re7 30.Rd2 b6 31.Nb3 Ra4 32.g3 Kf7 33.Kg2 Rae4 34.Rd3 Ra4 35.Rd2
Rc4 36.Rc2 Rec7 37.Bd4 Re7 38.Kf1 Ra4 39.h4 h5 40.Be3 Re5 41.c4
g5 42.hxg5 fxg5 43.c5 bxc5 44.Bxc5 h4 45.a3 h3 46.f3 Ra6 47.Rd2 1-0

[Event "Master Open"]
[Site "Voronezh"]
[Date "2018.06.15"]
[Round "4.60"]
[White "Bedenko, Nikita"]
[Black "Stukan, Martin"]
[Result "0-1"]
[WhiteElo "1967"]
[BlackElo "2183"]
[Annotator ""]
[Source ""]
[Remark ""]

1.e4 c5 2.Nf3 d6 3.d4 cxd4 4.Nxd4 Nf6 5.f3 e6 6.c4 Be7 7.Nc3
a6 8.Be3 O-O 9.Be2 Qc7 10.O-O b6 11.Rc1 Nbd7 12.b4 Bb7 13.Nb3
Rac8 14.Qd4 Qb8 15.Rfd1 Bd8 16.f4 Bc7 17.Bf3 e5 18.Qd3 exf4 19.Bxf4
Ne5 20.Bxe5 dxe5 21.Nd5 Bd8 22.c5 bxc5 23.bxc5 Qa7 24.Qc3 a5
25.Nxf6+ Bxf6 26.Qxa5 Qb8 27.Bg4 Rc7 28.Qb4 Qa8 29.Rd7 Bd8 30.Rxc7
Bxc7 31.c6 Bxc6 32.Qc5 Bxe4 33.Qxc7 Qxa2 34.Bh3 Qxb3 35.Re1 Qd5
36.Qe7 f5 37.Rc1 Rd8 38.Qc5 Qd4+ 39.Qxd4 exd4 40.Kf2 Ra8 41.Rd1
Ra2+ 42.Kg3 d3 43.Kf4 Rf2+ 44.Ke3 Re2+ 45.Kd4 h5 46.Kc3 Kf7 47.g3
Rxh2 0-1

[Event "Master Open"]
[Site "Voronezh"]
[Date "2018.06.15"]
[Round "4.61"]
[White "Yakimenko, Alexander A."]
[Black "Kostin, Alexey"]
[Result "0-1"]
[WhiteElo "2094"]
[BlackElo "2282"]
[Annotator ""]
[Source ""]
[Remark ""]

1.d4 Nf6 2.c4 e6 3.Nc3 Bb4 4.Qc2 c5 5.e3 cxd4 6.exd4 d5 7.Nf3
O-O 8.a3 Bxc3+ 9.bxc3 b6 10.Ne5 Bb7 11.Be2 dxc4 12.O-O Nc6 13.Nxc4
Rc8 14.Rd1 Nd5 15.Ne3 Na5 16.Bd2 Nxe3 17.Bxe3 Bd5 18.Bd3 Bb3
19.Bxh7+ Kh8 20.Qd3 Bxd1 21.Rxd1 g6 22.Bxg6 fxg6 23.Qxg6 Qf6
24.Qh5+ Kg7 25.d5 Nc4 26.Bd4 e5 27.Rd3 Qh6 28.Qg4+ Qg6 29.Qh3
exd4 30.Rg3 Ne5 31.Rxg6+ Nxg6 32.Qd7+ Kf6 33.Qe6+ Kg5 34.h4+
Nxh4 35.cxd4 Nf5 36.g3 Rfe8 37.Qf7 Re7 38.f4+ Kg4 39.Qg6+ Kf3
40.Qh5+ Kxg3 41.Qh2+ Kg4 42.Qd2 Re4 43.d6 Rxd4 44.d7 Rd8 45.Qe2+
Kxf4 46.Qh2+ Kg5 47.Qc7 Rd1+ 48.Kf2 R8xd7 49.Qb8 R1d2+ 50.Ke1
Rd1+ 51.Kf2 R7d2+ 52.Kf3 Nh4+ 53.Ke3 Rd3+ 54.Ke4 Rd4+ 55.Ke3
Nf5+ 56.Ke2 R4d2+ 57.Kf3 Rf1+ 0-1

[Event "Master Open"]
[Site "Voronezh"]
[Date "2018.06.15"]
[Round "4.62"]
[White "Martynyuk, Elizaveta"]
[Black "Klimentov, Roman"]
[Result "0-1"]
[WhiteElo "2229"]
[BlackElo "2180"]
[Annotator ""]
[Source ""]
[Remark ""]

1.e4 c5 2.Nf3 e6 3.d4 cxd4 4.Nxd4 Nf6 5.Nc3 d6 6.g4 h6 7.Bg2
Nc6 8.h3 a6 9.Be3 Ne5 10.Qe2 g5 11.O-O-O Bd7 12.f4 gxf4 13.Bxf4
Qc7 14.Kb1 Be7 15.Qd2 Nc4 16.Qc1 e5 17.Bxh6 exd4 18.Rxd4 Na3+
19.Ka1 Rxh6 20.Qxh6 Nxc2+ 21.Kb1 Nxd4 22.Qh8+ Ng8 23.Qxg8+ Bf8
24.Rd1 Qc5 25.e5 dxe5 26.Bd5 Be6 27.Re1 O-O-O 28.Rxe5 Bxd5 29.a3
Ba2+ 0-1

[Event "Master Open"]
[Site "Voronezh"]
[Date "2018.06.15"]
[Round "4.63"]
[White "Medzinovskiy, Petr"]
[Black "Lingur, Zalina"]
[Result "1-0"]
[WhiteElo "2213"]
[BlackElo "2101"]
[Annotator ""]
[Source ""]
[Remark ""]

1.e4 c5 2.Nc3 d6 3.Nge2 e5 4.g3 g6 5.Bg2 Bg7 6.O-O Ne7 7.d3 Nbc6
8.Be3 O-O 9.Qd2 Nd4 10.Nd1 f5 11.f4 Nec6 12.c3 Nxe2+ 13.Qxe2
Be6 14.Kh1 Qd7 15.Bg1 fxe4 16.dxe4 exf4 17.gxf4 Rae8 18.Qf2 Bh3
19.Ne3 Bxg2+ 20.Qxg2 Qe6 21.Rad1 Bh6 22.Nf5 Rxf5 23.exf5 Qxf5
24.Rxd6 Bxf4 25.Qd5+ Qxd5+ 26.Rxd5 g5 27.Bxc5 Re6 28.Rd7 b6 29.Bf2
Re2 30.Re1 Rxe1+ 31.Bxe1 1-0

[Event "Master Open"]
[Site "Voronezh"]
[Date "2018.06.15"]
[Round "4.64"]
[White "Grachev, Alexey"]
[Black "Pokhvalit, Alexander"]
[Result "1-0"]
[WhiteElo "2203"]
[BlackElo "2087"]
[Annotator ""]
[Source ""]
[Remark ""]

1.e4 c5 2.Nf3 d6 3.d4 cxd4 4.Nxd4 Nf6 5.Nc3 a6 6.Nb3 e6 7.g4
h6 8.Bg2 Be7 9.h4 Nfd7 10.Be3 Ne5 11.Qe2 Bxh4 12.O-O-O Ng6 13.f4
Qe7 14.e5 d5 15.Bxd5 Nd7 16.Be4 Qd8 17.Bxg6 fxg6 18.g5 hxg5 19.Ne4
gxf4 20.Nd6+ Kf8 21.Bxf4 g5 22.Be3 Kg8 23.Qc4 Rh6 24.Nf5 Rg6
25.Nxh4 gxh4 26.Rxh4 Qe7 27.Qe4 Qf7 28.Nd4 Nc5 29.Qh1 Qc7 30.Rf1
Rh6 31.Rxh6 gxh6 32.Qxh6 Qe7 33.Rg1+ Kf7 34.Qg6+ 1-0

[Event "Master Open"]
[Site "Voronezh"]
[Date "2018.06.15"]
[Round "4.65"]
[White "Afanasieva, Alexandra"]
[Black "Shaydullina, Sandugach"]
[Result "1-0"]
[WhiteElo "2069"]
[BlackElo "2198"]
[Annotator ""]
[Source ""]
[Remark ""]

1.e4 c5 2.Nf3 Nc6 3.Bb5 g6 4.Bxc6 dxc6 5.h3 e5 6.d3 f6 7.Be3
Nh6 8.Qd2 Nf7 9.Qc3 b6 10.a4 a5 11.Nbd2 Bd6 12.Nc4 Bc7 13.b3
Qe7 14.O-O-O Be6 15.g4 b5 16.Nb2 Bd6 17.Rdg1 Kd7 18.Qd2 Kc7 19.c4
Rhb8 20.Qc3 bxa4 21.Nxa4 Rb4 22.Kc2 Rab8 23.Bc1 f5 24.gxf5 gxf5
25.Nd2 Qh4 26.Ba3 Ng5 27.Bxb4 axb4 28.Qa1 fxe4 29.dxe4 Nxe4 30.Qe1
Nxf2 31.Kb1 Rf8 32.Rg7+ Kd8 33.Ra7 Rf4 34.Ra8+ Ke7 35.Ra7+ Kf6
36.Rf1 Bf5+ 37.Ka2 Nxh3 38.Qd1 Nf2 39.Qe1 Qh2 40.Nb2 h5 41.Ra6
h4 42.Rxc6 Ke7 43.Rg1 Ng4 44.Rh1 Qg2 45.Rxd6 Kxd6 46.Qxh4 Qa8+
47.Na4 Rf2 48.Rd1 Bc2 49.Ne4+ Ke6 50.Qxg4+ Rf5 51.Rd6+ Ke7 52.Qxf5
Qxe4 53.Rd7+ Ke8 54.Qf7# 1-0

[Event "Master Open"]
[Site "Voronezh"]
[Date "2018.06.16"]
[Round "5.15"]
[White "Ioffe, Ilya"]
[Black "Matinian, Nikita"]
[Result "0-1"]
[WhiteElo "2240"]
[BlackElo "2496"]
[Annotator ""]
[Source ""]
[Remark ""]

1.e4 d6 2.d4 Nf6 3.Nc3 g6 4.f4 Bg7 5.Nf3 O-O 6.Bd3 Nc6 7.e5 dxe5
8.fxe5 Nh5 9.Be3 f6 10.exf6 exf6 11.Qd2 Re8 12.O-O Bg4 13.Bc4+
Kh8 14.h3 Bxf3 15.Rxf3 f5 16.Ne2 f4 17.Bf2 Ne5 18.Rc3 f3 19.gxf3
Nxc4 20.Rxc4 Qd5 21.Rc3 Re6 22.Rd1 Rf8 23.f4 Bh6 24.Be3 Rfe8
25.Rf1 Bg7 26.b3 Qd7 27.Rd3 R6e7 28.Rf3 Nf6 29.d5 Ne4 30.Qd1
Kg8 31.c4 Nd6 32.Nc3 b6 33.Bf2 Qf5 34.Kg2 Bxc3 35.Rxc3 Re2 36.Rce3
R8xe3 37.Rxe3 Rxa2 38.Qd4 Qc2 39.Rf3 Nf5 40.Qf6 Qe4 41.Qd8+ Kg7
42.Qxc7+ Kh6 43.Qd8 Rd2 44.Qf8+ Kh5 45.Qf6 h6 46.Qe5 Qc2 47.d6
Rxd6 48.Rc3 Qd2 49.Rg3 Qc2 50.Rg4 g5 51.fxg5 hxg5 52.Qh8+ Rh6
53.Qe8+ Rg6 54.Re4 Nh4+ 55.Kf1 Qd3+ 56.Re2 Qxh3+ 57.Ke1 Nf3+
58.Kd1 Qf5 59.Re4 Qf6 60.Ke2 Kh6 61.Be3 Kh5 62.Bf2 Nh2 63.Re3
Qb2+ 64.Ke1 Qb1+ 65.Ke2 Qf1+ 66.Kd2 Qxf2+ 67.Kd3 Qf5+ 68.Kc3
Qf6+ 69.Kc2 Nf3 0-1

[Event "Master Open"]
[Site "Voronezh"]
[Date "2018.06.16"]
[Round "5.16"]
[White "Moskalenko, Alexander"]
[Black "Makarian, Rudik"]
[Result "1/2-1/2"]
[WhiteElo "2558"]
[BlackElo "2343"]
[Annotator ""]
[Source ""]
[Remark ""]

1.c4 Nf6 2.Nf3 g6 3.b3 Bg7 4.Bb2 O-O 5.g3 c6 6.Bg2 d5 7.O-O Bg4
8.d3 Nbd7 9.Nbd2 Rc8 10.b4 c5 11.a3 Re8 12.h3 Bxf3 13.Bxf3 Nb6
14.bxc5 Rxc5 15.Bd4 Rc6 16.Rb1 e6 17.a4 Re7 18.a5 Nc8 19.Qa4
Ne8 20.Bxg7 Nxg7 21.cxd5 exd5 22.Rxb7 Rxb7 23.Qxc6 Rb2 24.Rc1
Ne7 25.Qc3 Ra2 26.Nb3 Ne6 27.h4 Qd6 28.Nc5 Nf8 29.a6 Nf5 30.Qb3
Rd2 31.Qb4 Ra2 32.Kf1 Qe5 33.Qb3 Rb2 34.Qxd5 Rxe2 35.Qxe5 Rxe5
36.Bb7 Kg7 37.Rc4 Nd6 38.Rc1 Nb5 39.Nb3 Ne6 40.Bc8 Nec7 41.d4
Rd5 42.Ke2 Rd8 43.Bb7 Ne6 44.d5 Nec7 45.Kf3 Nxd5 46.Rd1 Nbc7
47.Nc5 Kf6 48.Bc6 Ke5 49.g4 Rg8 50.Bb7 f6 51.Re1+ Kd6 52.Ne4+
Kd7 53.Nc5+ Kd6 54.Ne4+ Kd7 55.g5 f5 56.Bxd5 Nxd5 57.Nf6+ Nxf6
58.gxf6 Re8 59.Rd1+ Ke6 60.Re1+ Kf7 61.Rxe8 Kxe8 62.Kf4 Kf7 63.Ke5
f4 64.f3 1/2-1/2

[Event "Master Open"]
[Site "Voronezh"]
[Date "2018.06.16"]
[Round "5.17"]
[White "Kryakvin, Dmitry"]
[Black "Shubin, Kirill"]
[Result "1-0"]
[WhiteElo "2592"]
[BlackElo "2391"]
[Annotator ""]
[Source ""]
[Remark ""]

1.g3 e5 2.c4 Nc6 3.Bg2 g6 4.Nc3 Bg7 5.d3 Nge7 6.e3 d6 7.Nge2
Bg4 8.O-O Qd7 9.Nd5 O-O 10.Nxe7+ Qxe7 11.h3 Be6 12.Qb3 Rab8 13.Bd2
Qd7 14.Kh2 f5 15.Bd5 Kh8 16.Rac1 Nd8 17.d4 f4 18.Ng1 Bxd5 19.cxd5
fxg3+ 20.fxg3 Nf7 21.Bc3 b5 22.dxe5 dxe5 23.Bb4 Nd6 24.Bxd6 cxd6
25.e4 Rf7 26.Kg2 Rbf8 27.Qd3 Bh6 28.Rxf7 Qxf7 29.Rf1 Qxf1+ 30.Qxf1
Rxf1 31.Kxf1 Kg7 32.Ke2 Kf7 33.Kd3 Ke7 34.Ne2 Kd7 35.Nc3 a6 36.a4
bxa4 37.Nxa4 Kc7 38.b3 Bc1 39.g4 Bf4 40.Nb2 Bg3 41.Nc4 Bf4 42.Kc3
Bg5 43.Kb4 Bd8 44.Ka4 Kd7 45.b4 h6 46.b5 axb5+ 47.Kxb5 Kc7 48.Ka6
Bh4 49.Na3 Bf2 50.Nb5+ Kd7 51.Kb7 Bc5 52.Nc7 Ke7 53.Kc6 Ba3 54.Na6 1-0

[Event "Master Open"]
[Site "Voronezh"]
[Date "2018.06.16"]
[Round "5.18"]
[White "Polschikov, Alexey"]
[Black "Savchenko, Boris"]
[Result "0-1"]
[WhiteElo "2398"]
[BlackElo "2565"]
[Annotator ""]
[Source ""]
[Remark ""]

1.e4 c5 2.Nf3 b6 3.d4 cxd4 4.Nxd4 Bb7 5.Bd3 d6 6.c4 Nd7 7.Nc3
Ngf6 8.Bc2 Rc8 9.b3 a6 10.Bb2 e6 11.O-O g5 12.Qd2 Rg8 13.Rae1
Ne5 14.f4 gxf4 15.Qxf4 Rg6 16.Nd5 Nfg4 17.Nf5 exf5 18.exf5 Bh6
19.Qg3 Rg5 20.h4 Rg8 21.f6 Bxd5 22.Bxh7 Be6 23.Bxg8 b5 24.c5
Rxc5 25.Bh7 Rd5 26.Bf5 Bxf5 27.Rxf5 Kf8 28.Bxe5 Nxe5 29.Ref1
Rd3 30.Qe1 Qb6+ 31.Kh1 Qc6 32.Rh5 Rh3+ 33.Kg1 Qc5+ 34.Qf2 Nf3+
35.gxf3 Qxh5 0-1

[Event "Master Open"]
[Site "Voronezh"]
[Date "2018.06.16"]
[Round "5.19"]
[White "Malyshev, Grigory"]
[Black "Belous, Vladimir"]
[Result "0-1"]
[WhiteElo "2362"]
[BlackElo "2555"]
[Annotator ""]
[Source ""]
[Remark ""]

1.d4 Nf6 2.c4 g6 3.Nc3 Bg7 4.g3 O-O 5.Bg2 Nc6 6.Nf3 d5 7.cxd5
Nxd5 8.O-O Bf5 9.Nh4 Be6 10.e4 Nxc3 11.bxc3 Bc4 12.Re1 e5 13.d5
Na5 14.Ba3 Re8 15.Bb4 c6 16.Qa4 b6 17.dxc6 a6 18.Bf1 Bxf1 19.Rxf1
Nc4 20.Rfd1 Qc8 21.Rd5 Bf6 22.Ng2 b5 23.Qc2 Qxc6 24.a4 bxa4 25.Rc5
Qe6 26.Qa2 Rec8 27.Ne3 Nxe3 28.Qxe6 fxe6 29.Rxc8+ Rxc8 30.fxe3
Bd8 31.Rxa4 a5 32.Bd6 Rxc3 33.Bxe5 Rxe3 34.Rc4 Rd3 35.Kf1 Kf7
36.Ke2 Rd7 37.Rc8 Bf6 38.Bxf6 Kxf6 39.Ra8 Rb7 40.Rxa5 Rb2+ 41.Kf3
Rxh2 42.Ra7 h5 43.Ra5 g5 44.Rc5 Ra2 45.Ke3 Ra6 46.Kf3 Ra3+ 47.Kf2
Rb3 48.Ra5 h4 49.gxh4 gxh4 50.Rh5 h3 51.Kg1 Rf3 52.Kh2 Re3 53.Kg1
Ke7 54.Kh2 Kd6 55.Ra5 Rb3 56.Rh5 Rc3 57.Ra5 Ke7 58.Rh5 Kf6 59.Kg1
Re3 60.Kf2 Kg6 61.Re5 Re2+ 62.Kxe2 h2 63.Rxe6+ Kg5 64.Re5+ Kg4
65.Rf5 h1Q 66.Ke3 Qc1+ 67.Kd3 Qa3+ 68.Kd4 Qb3 69.Rd5 Kf3 70.Rf5+
Ke2 71.Rc5 Qd3+ 72.Ke5 Kf3 0-1

[Event "Master Open"]
[Site "Voronezh"]
[Date "2018.06.16"]
[Round "5.20"]
[White "Maiorov, Nikita"]
[Black "Karpenko, Artem"]
[Result "1-0"]
[WhiteElo "2533"]
[BlackElo "2374"]
[Annotator ""]
[Source ""]
[Remark ""]

1.d4 Nf6 2.c4 e6 3.Nc3 Bb4 4.Qc2 b6 5.e4 c5 6.d5 Qe7 7.Nge2 exd5
8.exd5 Qe4 9.Qb3 Bxc3+ 10.Qxc3 Ba6 11.b3 O-O 12.Bb2 b5 13.f3
Qe7 14.Kf2 bxc4 15.bxc4 d6 16.Ng3 Bc8 17.Bd3 Na6 18.Rae1 Qd8
19.a3 Rb8 20.Ba1 Nc7 21.Bc2 Nfe8 22.h4 Bd7 23.Qd3 f5 24.Nh5 Rf7
25.g4 Kf8 26.g5 Re7 27.Nf4 Bc8 28.Rxe7 Qxe7 29.Re1 Qf7 30.h5
Qg8 31.g6 Nf6 32.Qe2 1-0

[Event "Master Open"]
[Site "Voronezh"]
[Date "2018.06.16"]
[Round "5.21"]
[White "Pavlov, Sergey"]
[Black "Tsoi, Dmitry"]
[Result "1/2-1/2"]
[WhiteElo "2489"]
[BlackElo "2382"]
[Annotator ""]
[Source ""]
[Remark ""]

1.d4 Nf6 2.Nf3 e6 3.e3 c5 4.Bd3 cxd4 5.exd4 Be7 6.O-O O-O 7.Re1
Na6 8.a3 Nc7 9.c4 a6 10.Nc3 b5 11.c5 Bb7 12.Qe2 Ncd5 13.Nxd5
Nxd5 14.Bd2 Qc7 15.Qe4 f5 16.Qe5 Bf6 17.Qxc7 Nxc7 18.Ne5 Bxe5
19.Rxe5 Nd5 20.Ree1 Bc6 21.b4 Ne7 22.Bc2 Bd5 23.a4 Nc6 24.Bc3
Bc4 25.axb5 axb5 26.f3 Kf7 27.Kf2 Rfb8 28.Ke3 Rxa1 29.Rxa1 Rb7
30.g4 g6 31.h4 Ra7 32.Rxa7 Nxa7 33.g5 Nc6 34.f4 Ke7 35.Bd1 Kd8
36.Bf3 Ne7 37.Bd2 Kc7 38.Kf2 Bd5 39.Be2 Kc6 40.Ke3 Be4 41.Bd1
Nd5+ 42.Kf2 Nc7 43.Ke3 Bh1 44.Bb3 Nd5+ 45.Bxd5+ Kxd5 46.Bc3 1/2-1/2

[Event "Master Open"]
[Site "Voronezh"]
[Date "2018.06.16"]
[Round "5.22"]
[White "Faizrakhmanov, Ramil"]
[Black "Shinkevich, Vitaly"]
[Result "1-0"]
[WhiteElo "2388"]
[BlackElo "2429"]
[Annotator ""]
[Source ""]
[Remark ""]

1.d4 Nf6 2.c4 e6 3.Nf3 Bb4+ 4.Bd2 a5 5.Nc3 O-O 6.g3 d5 7.cxd5
exd5 8.Bg2 c6 9.O-O Re8 10.Rc1 Nbd7 11.Bf4 Nf8 12.a3 Be7 13.Qc2
h6 14.Rfd1 Ng6 15.Ne5 Nxf4 16.gxf4 Bd6 17.e3 Ng4 18.h3 Nxe5 19.fxe5
Bf8 20.f4 Qh4 21.Qf2 Qxf2+ 22.Kxf2 f6 23.exf6 gxf6 24.Bxd5+ cxd5
25.Nxd5 Rd8 26.Nxf6+ Kf7 27.Ng4 h5 28.Rc7+ Ke6 29.Ne5 Kd5 30.Rh7
Ke4 31.Rxh5 Rd5 32.Rh8 Bg7 33.Rh7 Bxe5 34.fxe5 Rb5 35.Rh4+ Kf5
36.Rf4+ Ke6 37.Rf6+ Kd5 38.Kf3 Bxh3 39.Rc1 Ra6 40.Rxa6 bxa6 41.Kf4
a4 42.Rc2 a5 43.Rh2 Be6 44.Rd2 Bh3 45.e4+ Ke6 46.d5+ Kd7 47.Rc2
Rb8 48.e6+ Bxe6 49.dxe6+ Kxe6 50.Rc6+ Ke7 51.Rc5 1-0

[Event "Master Open"]
[Site "Voronezh"]
[Date "2018.06.16"]
[Round "5.23"]
[White "Salemgareev, Tagir"]
[Black "Drygalov, Sergey"]
[Result "0-1"]
[WhiteElo "2387"]
[BlackElo "2428"]
[Annotator ""]
[Source ""]
[Remark ""]

1.d4 Nf6 2.c4 e6 3.g3 c5 4.d5 exd5 5.cxd5 d6 6.Nf3 g6 7.Nc3 Bg7
8.Bg2 O-O 9.O-O Re8 10.Bf4 a6 11.a4 Nh5 12.Bg5 Qc7 13.Qd2 Bg4
14.Rac1 Nd7 15.b4 Qb6 16.bxc5 Nxc5 17.Be3 Qb4 18.Bxc5 dxc5 19.e3
b5 20.Ng5 Rad8 21.axb5 axb5 22.Nge4 Bf5 23.Rb1 Bxc3 24.Nxc3 Bxb1
25.Rxb1 Qa5 26.Rxb5 Qa7 27.Bf3 Nf6 28.Qb2 Rb8 29.d6 Red8 30.Kg2
c4 31.e4 Re8 32.e5 Nd7 33.Bc6 Rxb5 34.Nxb5 Qc5 35.Bxd7 Qd5+ 36.f3
Rxe5 37.Nc7 Qxd6 38.Qb8+ Qf8 39.Ne8 Re2+ 40.Kf1 Qe7 41.Nf6+ Kg7
42.Ne8+ Kh6 43.Qf4+ g5 44.Qf5 Re5 45.Qh3+ Kg6 46.Bf5+ Rxf5 47.g4
Qxe8 48.gxf5+ Kg7 49.Qg4 Qe3 50.Qxc4 Qxf3+ 51.Kg1 Qxf5 52.Qd4+
Qf6 53.Qb4 h5 54.Qc4 Qe5 55.Qb3 Qe1+ 56.Kg2 Qe2+ 57.Kg1 Qg4+
58.Kf2 Qd4+ 59.Kg2 h4 60.Qb5 Qe4+ 61.Kg1 Kg6 0-1

[Event "Master Open"]
[Site "Voronezh"]
[Date "2018.06.16"]
[Round "5.24"]
[White "Bryakin, Mikhail"]
[Black "Yagupov, Igor"]
[Result "1-0"]
[WhiteElo "2407"]
[BlackElo "2359"]
[Annotator ""]
[Source ""]
[Remark ""]

1.d4 d5 2.Nf3 Nf6 3.c4 c6 4.Nc3 e6 5.Bg5 Nbd7 6.e3 Qa5 7.Bxf6
Nxf6 8.Nd2 dxc4 9.Nxc4 Qc7 10.g3 Be7 11.Bg2 O-O 12.O-O Rd8 13.Rc1
Bd7 14.Qe2 Rac8 15.Ne5 Be8 16.Nd3 Qb8 17.Rfd1 b6 18.h4 c5 19.dxc5
Bxc5 20.Nxc5 Rxc5 21.Rxd8 Qxd8 22.Rd1 Qc7 23.Qd3 Kf8 24.a3 Ke7
25.Bf3 g6 26.Bg2 h5 27.Bf3 Bd7 28.Rd2 e5 29.e4 Kf8 30.Bd1 Be6
31.Be2 Kg7 32.Qe3 Qc6 33.Bf3 Rc4 34.Be2 Rc5 35.f4 Bg4 36.Bf1
exf4 37.gxf4 Qe6 38.Bg2 Qe7 39.Qd4 Be6 40.Qd8 Ng8 41.Kf2 Rc8
42.Qxe7 Nxe7 43.Nb5 Rc5 44.Bf1 Nc6 45.Nc7 Bb3 46.Ne8+ Kf8 47.Nf6
Ke7 48.e5 Be6 49.Bg2 Rc1 50.Be4 Na5 51.Rd6 Nb3 52.Nd5+ Kf8 53.Ne3
Nc5 54.Bf3 Rb1 55.b4 Rb2+ 56.Ke1 Rb3 57.Ke2 Na4 58.Rd8+ Kg7 59.Rd3
Nc3+ 60.Ke1 Rxa3 61.Nc2 Rb3 62.Nd4 Rb1+ 63.Kd2 Nd5 64.f5 gxf5
65.Bxd5 Bxd5 66.Nxf5+ Kh7 67.Rxd5 Rxb4 68.Rd6 Re4 69.Rh6+ Kg8
70.Rxh5 f6 71.exf6 Re6 72.Ne7+ Kf7 73.Nd5 Re4 74.Kd3 Rg4 75.Ke3
b5 76.Rh7+ Kf8 77.Nf4 1-0

[Event "Master Open"]
[Site "Voronezh"]
[Date "2018.06.16"]
[Round "5.25"]
[White "Rodin, Dmitrij"]
[Black "Murzin, Volodar"]
[Result "1/2-1/2"]
[WhiteElo "2402"]
[BlackElo "2268"]
[Annotator ""]
[Source ""]
[Remark ""]

1.e4 c5 2.Nf3 d6 3.d4 cxd4 4.Nxd4 Nf6 5.Nc3 a6 6.Be3 e5 7.Nf3
Be7 8.Bc4 O-O 9.O-O Be6 10.Bb3 h6 11.Qe2 Qc7 12.Rfd1 Nbd7 13.Nh4
Rfd8 14.Nf5 Bf8 15.Qf3 b5 16.Qg3 Kh7 17.Qh3 b4 18.Nd5 Nxd5 19.exd5
Bxf5 20.Qxf5+ Kg8 21.a3 Nc5 22.Bxc5 dxc5 23.Bc4 a5 24.d6 Rxd6
25.Rxd6 Bxd6 26.Rd1 Rd8 27.h4 Qe7 28.h5 Qf6 29.Qg6 Kf8 30.Qe4
Qf4 31.Qxf4 exf4 32.a4 Be7 33.Rxd8+ Bxd8 34.Kf1 Ke7 35.Ke2 Kd6
36.Bxf7 Bf6 37.b3 Bd4 38.f3 Kc7 39.Kd3 Kb6 40.Ke4 Be3 41.g3 Bc1
42.gxf4 1/2-1/2